<?xml version="1.0" encoding="UTF-8"?>
<collection xmlns="http://www.loc.gov/MARC21/slim">
  <record>
    <leader>00000nam  2200000   4500</leader>
    <controlfield tag="001">$a INLIS000000000002202</controlfield>
    <controlfield tag="005">$a 20260625144658</controlfield>
    <controlfield tag="008">$a 260625###########################0######</controlfield>
    <datafield tag="020" ind1="#" ind2="#">
      <subfield code="a">2091</subfield>
    </datafield>
    <datafield tag="035" ind1="#" ind2="#">
      <subfield code="a">0010-0520002202</subfield>
    </datafield>
    <datafield tag="082" ind1="#" ind2="#">
      <subfield code="a">342.02</subfield>
    </datafield>
    <datafield tag="084" ind1="#" ind2="#">
      <subfield code="a">342.02/JIM/H</subfield>
    </datafield>
    <datafield tag="100" ind1=" " ind2="#">
      <subfield code="a">Jimly Asshiddiqie</subfield>
    </datafield>
    <datafield tag="245" ind1="#" ind2="#">
      <subfield code="a">Hukum Acara Pengujian Undang-Undang</subfield>
      <subfield code="b"/>
      <subfield code="c">Jimly Asshiddiqqie</subfield>
    </datafield>
    <datafield tag="246" ind1="#" ind2="#">
      <subfield code="a"/>
    </datafield>
    <datafield tag="260" ind1="#" ind2="#">
      <subfield code="a">Jakarta :</subfield>
      <subfield code="b">Sekretariat Jenderal dan Kepaniteraan Mahkamah Konstitusi RI,</subfield>
      <subfield code="c">2005</subfield>
    </datafield>
    <datafield tag="300" ind1="#" ind2="#">
      <subfield code="a">XVII, 443 hlm. ; 22 cm ;</subfield>
      <subfield code="b"/>
      <subfield code="c">22 cm</subfield>
      <subfield code="e"/>
    </datafield>
    <datafield tag="336" ind1="#" ind2="#">
      <subfield code="a"/>
    </datafield>
    <datafield tag="337" ind1="#" ind2="#">
      <subfield code="a"/>
    </datafield>
    <datafield tag="338" ind1="#" ind2="#">
      <subfield code="a"/>
    </datafield>
    <datafield tag="500" ind1=" " ind2="#">
      <subfield code="a">Indeks : Indeks</subfield>
    </datafield>
    <datafield tag="504" ind1=" " ind2="#">
      <subfield code="a">Bibliografi hlm. 431-436</subfield>
    </datafield>
    <datafield tag="520" ind1=" " ind2="#">
      <subfield code="a">Buku ini menguraikan tentang hukum acara pengujian undang-undang yang merupakan salah satu kewenangan MK. Secara runtut dan sistematis memberikan panduan yang utuh jika hendak berperkara di MK khususnya pengujian undang-undang. Buku ini makin penting karena untuk pertama kalinya diuraikan hal ikhwal dan mekanisme kerja peradilan kontitusional yang berhubungan dengan hukum acara pengujian Undang undang. Buku ini terdiri dari 6 bab. Bab I Pengujian Undang-Undang. Bab II Pemohon Dan Permohonan. Bab III Pemeriksaan Dan Pihak-Pihak. Bab IV Alat Bukti Dan Pembuktian. Bab V Putusan Dan Akibat Hukumnya. Bab VI Hakim Dan Panitera.</subfield>
    </datafield>
    <datafield tag="650" ind1=" " ind2="#">
      <subfield code="a">1. Hukum Acara Perkara MK</subfield>
    </datafield>
    <datafield tag="700" ind1=" " ind2="#">
      <subfield code="a"/>
    </datafield>
    <datafield tag="740" ind1="#" ind2="#">
      <subfield code="a"/>
    </datafield>
    <datafield tag="856" ind1="#" ind2="#">
      <subfield code="a"/>
    </datafield>
    <controlfield tag="csr">$a 062829c1443046b937bcd34f67dfb76a</controlfield>
  </record>
</collection>
